Fluid mechanics through worked out problems (Record no. 2538)

000 -LEADER
fixed length control field 00578nam a22002177a 4500
001 - CONTROL NUMBER
control field 2538
003 - CONTROL NUMBER IDENTIFIER
control field BD-DhUET
008 - FIXED-LENGTH DATA ELEMENTS--GENERAL INFORMATION
fixed length control field 140924b xxu||||| |||| 00| 0 eng d
020 ## - INTERNATIONAL STANDARD BOOK NUMBER
International Standard Book Number 9843109230
040 ## - CATALOGING SOURCE
Transcribing agency 0
Modifying agency BD-DhUET
082 ## - DEWEY DECIMAL CLASSIFICATION NUMBER
Classification number 532
Item number QUA/2006
100 ## - MAIN ENTRY--PERSONAL NAME
Personal name Quamrul Islam , Md.
245 ## - TITLE STATEMENT
Title Fluid mechanics through worked out problems
250 ## - EDITION STATEMENT
Edition statement 1st ed.
260 ## - PUBLICATION, DISTRIBUTION, ETC. (IMPRINT)
Place of publication, distribution, etc. Gazipur
Name of publisher, distributor, etc. Islamic University of Technology
Date of publication, distribution, etc. 2006
300 ## - PHYSICAL DESCRIPTION
Extent xii,777 p.
504 ## - BIBLIOGRAPHY, ETC. NOTE
Bibliography, etc Includes bibliographies
650 #0 - SUBJECT ADDED ENTRY--TOPICAL TERM
Topical term or geographic name as entry element Fluid mechanics
700 ## - ADDED ENTRY--PERSONAL NAME
Personal name Mondal , Amalesh Chandra
942 ## - ADDED ENTRY ELEMENTS (KOHA)
Koha item type General Book
Holdings
Koha normalized classification for sorting Sublocation or collection (holding branch) Damaged status Koha renewals Piece designation (barcode) Koha item type Source of classification or shelving scheme Date acquired Location (home branch) Price effective from Koha issues (times borrowed) Koha date last seen Koha date last borrowed Copy number Shelving location Koha out on loan Koha full call number Lost status Not for loan Withdrawn status
532QUA2006Central Library, BUET  102749General Book 2014-09-24Central Library, BUET2014-09-2492024-08-312024-08-311Circulation section2024-09-14532/QUA/2006   
532_000000000000000_QUA_2006Central Library, BUET  102750General Book 2014-09-24Central Library, BUET2014-09-24162025-11-092025-08-102Circulation section 532/QUA/2006   
532_000000000000000_QUA_2006Central Library, BUET 1102751General Book 2014-09-24Central Library, BUET2014-09-24152026-04-122026-03-303Circulation section 532/QUA/2006   
532_000000000000000_QUA_2006Central Library, BUET  102748General Book 2015-08-17Central Library, BUET2015-08-17242025-06-302025-06-304Circulation section2025-07-14532/QUA/2006   
532_000000000000000_QUA_2006Central Library, BUET  102752General Book 2006-11-06Central Library, BUET2018-04-21102023-12-022023-12-025Circulation section2023-12-16532/QUA/2006